| 000 | 01269cad a22002295a 4500 | ||
|---|---|---|---|
| 001 | L146729 | ||
| 008 | 090220s2009 xxkad f s 000 0 eng d | ||
| 035 | _a(Sirsi) u146729 | ||
| 041 | 0 | _aeng | |
| 050 | 0 | 4 | _a333.33 $2 18 |
| 110 | 2 |
_aAtisreal _95337 |
|
| 245 | 0 | 0 |
_aEuropean markets at a glance _bfourth quarter 2008 _h[electronic resource] |
| 260 |
_a[S.l.] _bAtisreal _c2009 |
||
| 490 | 0 |
_aEuropean Markets at a Glance _vFourth Quarter 2008 |
|
| 520 | _aReports that the European Investment Index fell by 20% in Q4 2008, a 61% fall over 2008 as a whole. Reveals that the slowdown was especially noticeable from Q2 2008 and that large transactions are declining. Reports that the European Prime Yield Index increased again, and that there are no prime yields below 5%. However, the European Office Take-up Index continued to fall in Q4, a drop by 19% over the whole year. Concludes that the Lehman Brothers bankruptcy now looks like the turning point of the financial crisis. | ||
| 590 | _aKA | ||
| 650 | 2 | 4 | _aEUROPEAN MARKETS AT A GLANCE |
| 651 | 4 | _aEurope | |
| 690 | _aPROPERTY-COMMERCIAL PROPERTY-COMMERCIAL PROPERTY MARKET | ||
| 856 | 4 | 0 |
_uhttps://www.atisreal.com _zView this report free of charge under market research at www.atisreal.com... |
| 942 | _n0 | ||
| 999 |
_c109269 _d109269 |
||